Normal view
MARC view
- Supervison Dr. Sajid Ullah Butt
Entry Personal Name
001 - CONTROL NUMBER
- control field: 70192
003 - CONTROL NUMBER IDENTIFIER
- control field: NUST
005 - DATE AND TIME OF LATEST TRANSACTION
- control field: 20210628204410.0
008 - FIXED-LENGTH DATA ELEMENTS
- fixed length control field: 210628|| aca||aabn | a|a d
040 ## - CATALOGING SOURCE
- Original cataloging agency: NUST
- Transcribing agency: NUST
100 ## - HEADING--PERSONAL NAME
- Personal name: Supervison Dr. Sajid Ullah Butt
670 ## - SOURCE DATA FOUND
- Source citation: Work cat.: (NUST): AMJAD BAIG 70191, TH-SOF-1103-GLOBAL SEQUENCE GENERATION AND MINIMIZING THE TOTAL UTILITY WORK FOR MIXED MODEL ASSEMBLY LINES , 2015
